| 000 | 00958cam a22002411 4500 | ||
|---|---|---|---|
| 001 | sa 65008354 | ||
| 003 | DLC | ||
| 005 | 20260227112155.0 | ||
| 008 | 870814s1965 ii 000 0 eng | ||
| 010 | _asa 65008354 | ||
| 025 | _aPL480:I-E-4596 | ||
| 035 | _a(OCoLC)16464703 | ||
| 040 |
_aDLC _cWaU _dDLC |
||
| 042 | _apremarc | ||
| 050 | 0 | 0 |
_aKNS2408 _b.S66 1965 |
| 100 | 1 | _aSrivastava, Kirpa Dayal. | |
| 245 | 1 | 0 |
_aDisciplinary action against government servants and its remedies. _bA comprehensive and practical book dealing with dismissals, removals, discharge, suspensions, reduction in rank, retrenchment, compulsory retirement, superannuation and resignation, etc., _cby Kirpa Dayal Srivastava and Naresh Kumar Srivastava. |
| 250 | _a[2d ed.] | ||
| 260 |
_aLucknow, _bEastern Book Co. _c[1965] |
||
| 300 |
_alviii, 680 p. _c25 cm. |
||
| 651 | 0 |
_aIndia _xOfficials and employees _xDiscipline. |
|
| 700 | 1 |
_aSrivastava, Naresh Kumar, _ejoint author. |
|
| 999 |
_c65695 _d65695 |
||